000 00546nam a2200181Ia 4500
005 20250508152702.0
008 008 250505s9999 xx 000 0 eng d
037 _aTextual
040 _aFEDL
_beng
_cFEDL
041 _aeng
_2eng
084 _a371.425, GIN
_qFEDL
100 _aGinzberg Eli et. al
_9245357
245 0 _aOccupational choice: An approach to a general theory
260 _aNew York, USA
_b Columbia University Press
_c1951
300 _aviii,271p.
942 _cTEXL
_h371.425, GIN
999 _c1338044
_d1338044